[Event "Mestre Sheraton op-C 1st"]
[Site "Mestre"]
[Date "2021.02.27"]
[Round "2"]
[White "Giganti, Marco"]
[Black "Scarabottolo, Gregorio"]
[Result "1-0"]
[WhiteElo "999"]
[BlackElo "1232"]
[PlyCount "114"]
[EventDate "2021.02.26"]
[EventType "swiss"]
[EventRounds "5"]
[EventCountry "ITA"]
[SourceTitle "EXT 2022"]
[Source "ChessBase"]
[SourceDate "2021.10.06"]
[SourceVersion "1"]
[SourceVersionDate "2021.10.06"]
[SourceQuality "1"]

1. e4 e6 2. d4 d5 3. exd5 exd5 4. Nf3 Nf6 5. Bd3 Bd6 6. 0-0 0-0 7. Bg5 h6 8. Bh4 Be7 9. Re1 Nc6 10. c3 Bg4 11. Nbd2 Nh5 12. Bxe7 Nxe7 13. h3 Nf4 14. Bc2 Bh5 15. Nf1 Re8 16. Ng3 Bg6 17. Ne5 Bxc2 18. Qxc2 Neg6 19. Nxg6 Nxg6 20. Qb3 b6 21. Rxe8+ Qxe8 22. Qxd5 c6 23. Qc4 Nh4 24. d5 Ng6 25. d6 Rd8 26. Rd1 c5 27. Qd5 Qa4 28. a3 Nf4 29. Qd2 g5 30. Nf5 Kh7 31. h4 Qc6 32. f3 Qe8 33. Qc2 Qe5 34. Ne7+ Kh8 35. Nc6 Qe3+ 36. Qf2 Qxf2+ 37. Kxf2 Rd7 38. Ne5 Rb7 39. d7 Ne6 40. Nxf7+ Kg7 41. d8Q Nxd8 42. Nxd8 Re7 43. hxg5 hxg5 44. Nc6 Rc7 45. Ne5 Kf6 46. Nd3 a5 47. Re1 c4 48. Ne5 b5 49. Ng4+ Kg6 50. Re5 Rb7 51. Ke3 b4 52. Rxa5 bxc3 53. bxc3 Rb3 54. Kd4 Rb2 55. Ra6+ Kg7 56. Ne3 Re2 57. Rc6 Ra2 1-0